Best Tennis Players From Most Countries - Statistics

General Stats
  • This quiz has been taken 162 times
    19 since last reset
  • The average score is 54 of 102
Answers on the Map
Answers color-coded by a green-red scale on the quiz's map according to % correct below.
 
Answer Stats
Player(s) Birthplace(s) Country % Correct
Jannik Sinner | Jasmine Paolini Innichen | Castelnuovo di Garfagnana Italy
100%
Kamil Majchrzak | Iga Świątek Piotrków Trybunalski | Warsaw Poland
100%
Carlos Alcaraz | Paula Badosa* El Palmar | New York City (USA) Spain
100%
Alex de Minaur | Maya Joint* Sydney | Grosse Pointe (USA) Australia
95%
Erik Arutiunian | Aryna Sabalenka Minsk Belarus
95%
Félix Auger-Aliassime | Victoria Mboko* Montreal | Charlotte (USA) Canada
95%
Holger Rune | Clara Tauson Gentofte | Copenhagen Denmark
95%
Alexander Zverev | Eva Lys* Hamburg | Kyiv (Ukraine) Germany
95%
Casper Ruud | Malene Helgø Oslo Norway
95%
Taylor Fritz | Coco Gauff Rancho Santa Fe | Atlanta United States
95%
Francisco Cerúndolo | Solana Sierra Buenos Aires | Mar del Plata Argentina
89%
Zizou Bergs | Elise Mertens Lommel | Leuven Belgium
89%
João Fonseca | Beatriz Haddad Maia Rio de Janeiro | São Paulo Brazil
89%
Grigor Dimitrov | Viktoriya Tomova Haskovo | Sofia Bulgaria
89%
Bu Yunchaokete | Zheng Qinwen Bortala | Shiyan China
89%
Arthur Rinderknech | Loïs Boisson Gassin | Dijon France
89%
Stefanos Tsitsipas | Maria Sakkari Athens Greece
89%
Shintaro Mochizuki | Naomi Osaka Kawasaki | Osaka Japan
89%
Daniil Medvedev | Mirra Andreeva Moscow | Krasnoyarsk Russia
89%
Novak Djokovic | Olga Danilović Belgrade Serbia
89%
Stan Wawrinka | Belinda Bencic Lausanne | Flawil Switzerland
89%
Jack Draper | Emma Raducanu* London | Toronto (Canada) United Kingdom
89%
Rodrigo Pacheco Méndez | Renata Zarazúa Mérida | Mexico City Mexico
84%
Valentin Vacherot Monaco Monaco
84%
Tallon Griekspoor | Suzan Lamens Haarlem | ? Netherlands
84%
Nuno Borges | Francisca Jorge Maia | ? Portugal
84%
Filip Cristian Jianu | Jaqueline Cristian Bucharest Romania
84%
Damir Džumhur | Ema Burgić Sarajevo | Lukavac Bosnia and Herzegovina
79%
Jiří Lehečka | Linda Nosková Mladá Boleslav | Vsetín Czech Republic
79%
Alexander Bublik* | Elena Rybakina* Gatchina (Russia) | Moscow (Russia) Kazakhstan
79%
Cristian Garín | Antonia Vergara Rivera Santiago | ? Chile
74%
Daniel Elahi Galán | Emiliana Arango Bucaramanga | Medellín Colombia
74%
Marin Čilić* | Donna Vekić Medjugorje (Bosnia and Herzegovina) | Osijek Croatia
74%
Fábián Marozsán | Anna Bondár Budapest | Szeghalom Hungary
74%
Robert Strombachs* | Jeļena Ostapenko Berlin (Germany) | Riga Latvia
74%
Ignacio Buse | Lucciana Pérez Alarcón Lima | ? Peru
74%
Moez Echargui | Ons Jabeur La Marsa | Ksar El Hellar Tunisia
74%
Yanki Erel | Zeynep Sönmez Tekirdağ | Istanbul Turkey
74%
Vitaliy Sachko | Elina Svitolina Kremenchuk | Odesa Ukraine
74%
Victoria Jiménez Kasintseva Andorra la Vella Andorra
68%
Fares Zakaria* | Mayar Sherif Jeddah (Saudi Arabia) | Cairo Egypt
68%
Muhammad Rifqi Fitriadi | Janice Tjen Banjarmasin | Jakarta Indonesia
68%
Lukáš Klein | Rebecca Šramková Spišská Nová Ves | Bratislava Slovakia
68%
Filip Misolic | Julia Grabher Graz | Dornbirn Austria
63%
Nikoloz Basilashvili | Ekaterine Gorgodze Tbilisi | ? Georgia
63%
Tseng Chun-hsin | Joanna Garland* Taipei | Stevenage (UK) Taiwan
63%
Ajeet Rai | Lulu Sun New Plymouth | Te Anau New Zealand
58%
Alberto Lim | Alexandra Eala ? | Quezon City Philippines
58%
Bor Artnak | Kaja Juvan Trbovlje | Ljubljana Slovenia
58%
Lloyd Harris | Wozuko Mdlulwa Cape Town | ? South Africa
58%
Mark Lajal | Elena Malõgina* Tallinn | Saint Petersburg (Russia) Estonia
53%
Otto Virtanen | Laura Hietaranta Hyvinkää | ? Finland
53%
Vilius Gaubas | Justina Mikulskytė Šiauliai Lithuania
53%
Chris Rodesch | Marie Weckerle Luxembourg | ? Luxembourg
53%
Adolfo Daniel Vallejo | Lucciana Pérez Alarcón Asunción | ? Paraguay
53%
Franco Roncadelli Montevideo Uruguay
53%
Hugo Dellien | Noelia Zeballos Trinidad | Santa Cruz de la Sierra Bolivia
47%
Michael Agwi | Celine Simunyu Dublin | ? Ireland
47%
Kathinka von Deichmann Vaduz Liechtenstein
47%
Kalin Ivanovski | Lina Gjorcheska Skopje | Tetovo North Macedonia
47%
Ammar Al-Haqbani Riyadh Saudi Arabia
47%
Chung Hyeon | Ku Yeon-woo Suwon | ? South Korea
47%
Elias Ymer | Kajsa Rinaldo Persson Skara | ? Sweden
47%
Daniil Sarksian | Elina Avanesyan* ? | Pyatigorsk (Russia) Armenia
42%
Sumit Nagal | Sahaja Yamalapalli Jhajjar | Hyderabad India
42%
Abdullah Shelbayh Amman Jordan
42%
Taha Baadi Rabat Morocco
42%
Khumoyun Sultanov | Maria Timofeeva* Namangan | Moscow (Russia) Uzbekistan
42%
Justin Roberts Nassau Bahamas
37%
Roberto Cid Subervi | Anna Maria Fedotova Santo Domingo | ? Dominican Republic
37%
Radu Albot Chișinău Moldova
37%
Darian King Bridgetown Barbados
32%
Menelaos Efstathiou | Raluka Șerban* Limassol | Constanța (Romania) Cyprus
32%
Abraham Asaba Accra Ghana
32%
Hady Habib* Houston (USA) Lebanon
32%
Benjamin Lock | Valeria Bhunu Harare | ? Zimbabwe
32%
Samir Hamza Reguig Oran Algeria
26%
Álvaro Guillén Meza | Mell Reasco Gonzalez Guayaquil | ? Ecuador
26%
Eliakim Coulibaly Abidjan Ivory Coast
26%
Petar Jovanović | Danka Kovinić ? | Cetinje Montenegro
26%
Hazem Naw Aleppo Syria
26%
Mitsuki Wei Kang Leong | Shihomi Li Xuan Leong Ipoh | ? Malaysia
21%
Maximus Jones* | Lanlana Tararudee Sydney (Australia) | ? Thailand
21%
Sada Nahimana ? Burundi
16%
Jesse Flores* Oakville (Canada) Costa Rica
11%
Ali Yazdani | Meshkatolzahra Safi Jajarm | ? Iran
11%
Amit Vales | Lina Glushko Kfar Saba | ? Israel
11%
Blaise Bicknell* Miami (USA) Jamaica
11%
Angella Okutoyi ? Kenya
11%
Francesca Curmi ? Malta
11%
Karine Job ? Cameroon
5%
Seydina Andre* Dijon (France) Senegal
5%
Daniel Domingos ? Angola
0%
Gloriana Goreti Nahum ? Benin
0%
Joel Meda Burkina Faso
0%
Cesar Cruz ? El Salvador
0%
Saoirse Breen ? Fiji
0%
Sebastian Dominguez ? Guatemala
0%
Abdulhamid Mubarak ? Kuwait
0%
Ahmed Mouhan ? Libya
0%
Joaquin Guilleme ? Nicaragua
0%
Gonzalo Oliveira* | Sofia Cabezas Dominguez Porto (Portugal) | ? Venezuela
0%
No matching quizzes found
Score Distribution
Percent of People with Each Score
Percentile by Number Answered
Your Score History
You have not taken this quiz since the last reset